01018 2200313 4500001002100000005001500021035002000036007000300056008004100059020002200100100003300122245014800155250003400303300002900337700002100366264005400387336002100441337003000462338002300492040002200515082001500537084001700552090002200569650002400591850001200615504003300627999002200660990002200682INLIS00000000087548320221121112254 a0010-1122000439ta221121t2022 yoi g ind d a978-623-359-051-80 aRicho Andi WibowoePengarang10aTata kelola pemerintahan yang baik dan pengadaan barang/jasa pemerintah :bpendekatan perbandingan hukum /cRicho Andi Wibowo; penyunting, Siti aCetakan pertama: Januari 2022 aix, 270 halaman ;c23 cm0 aSitiePenyunting31aYogyakarta :bGadjah Mada University Press,c2022 2rdacontentateks 2rdamediaatanpa perantara 2rdacarrieravolume aYOPDYOGbinderda04223a352.34 a352.34 RIC t aCB-D.11 2022-1795 4aAdministrasi negara aYOPDYOG aBibliografi: halaman 237-260 aCB-D.11/2022-1795 aCB-D.11/2022-1795